Call the midwife. Season thirteen / series created ... Read More
Available copies
- 2 of 2 copies available at LARL/NWRL Consortium.
- 2 of 2 copies available at Lake Agassiz Regional Library. (Show preferred library)
Current holds
0 current holds with 2 total copies.
Show All Copies
| Location | Call Number / Copy Notes | Barcode | Shelving Location | Status | Due Date |
|---|---|---|---|---|---|
| Climax Public Library | DVD CAL (Text) | 33500014013148 | Main | Available | - |
| Fertile Public Library | DVD CAL (Text) | 33500014013130 | Main | Available | - |
Record details
- Physical Description: 3 videodiscs (566 min.) : sound, color ; 4 3/4 in.
- Publisher: [London] : BBC Studios, [2024]
Content descriptions
| General Note: | Inspired by the memoirs of Jennifer Worth. Originally broadcast as single episodes of a television program in 2023-2024. Special features: behind the scenes featurettes. |
| Participant or Performer Note: | Jenny Agutter, Linda Bassett, Judy Parfitt, Helen ... Read More |
| Summary, etc.: | The midwives of Nonnatus House continue to face ... Read More |
| System Details Note: | DVD; region 1, NTSC; anamorphic widescreen (16:9); ... Read More |
| Language Note: | English soundtrack. |
| Source of Description Note: | Title from disc surface. |
Search for related items by subject
| Subject: | Midwives > England > London > History > 20th century > Drama. Midwifery > England > London > Drama. Nuns > England > London > History > 20th century > Drama. Pregnant women > England > London > History > 20th century > Drama. Convents > England > London > History > 20th century > Drama. East End (London, England) > History > 20th century > Drama. |
| Genre: | Historical television programs. Fiction television programs. Television series. Television adaptations. Video recordings for the hearing impaired. |
Search for related items by series
| LDR | 06510cgm a2201333 i 4500 | ||
|---|---|---|---|
| 001 | 437989 | ||
| 003 | LARL_NWRL_CONSORTIUM | ||
| 005 | 20240624161523.0 | ||
| 008 | 240424p20242023enk566 e vleng d | ||
| 007 | vd cvaizq | ||
| 040 | . | ‡aTEFMT ‡beng ‡erda ‡cTEFMT ‡dTEF ‡dOCLCO ‡dRNL ‡dINO ‡dIZ8 ‡dOCLCO | |
| 024 | 1 | . | ‡a883929820450 |
| 028 | 4 | 2. | ‡a1000835289 ‡bBBC ‡q(container) |
| 028 | 4 | 2. | ‡a3000097861 ‡bBBC ‡q(container) |
| 028 | 4 | 2. | ‡a2000185762 ‡bBBC ‡q(disc 1) |
| 028 | 4 | 2. | ‡a2000185763 ‡bBBC ‡q(disc 2) |
| 028 | 4 | 2. | ‡a2000185764 ‡bBBC ‡q(disc 3) |
| 033 | 2 | 1. | ‡a2023---- ‡a2024---- |
| 035 | . | ‡a(OCoLC)1431062088 | |
| 037 | . | ‡bMidwest Tape ‡nhttp://www.midwesttapes.com | |
| 041 | 0 | . | ‡aeng ‡peng ‡heng |
| 043 | . | ‡ae-uk-en | |
| 046 | . | ‡k2024 ‡2edtf | |
| 082 | 0 | 4. | ‡a791.45/75 ‡223/eng/20240429 |
| 130 | 0 | . | ‡aCall the midwife (Television program). ‡nSeason 13. |
| 245 | 1 | 0. | ‡aCall the midwife. ‡pSeason thirteen / ‡cseries created by Heidi Thomas ; written by Heidi Thomas, Nicola Wilson, Katerina Watson, Chloe Moss, Lisa Holdsworth, Susan Everett, Sally Abbott ; directed by David Tucker, Jo Southwell, David O'Neill, Syd Macartney, John Maidens, Avril Evans, |
| 246 | 3 | . | ‡aCall the midwife. ‡pThirteenth season |
| 257 | . | ‡aGreat Britain ‡2naf | |
| 264 | 1. | ‡a[London] : ‡bBBC Studios, ‡c[2024] | |
| 264 | 2. | ‡a©2024 | |
| 300 | . | ‡a3 videodiscs (566 min.) : ‡bsound, color ; ‡c4 3/4 in. | |
| 336 | . | ‡atwo-dimensional moving image ‡btdi ‡2rdacontent | |
| 337 | . | ‡avideo ‡bv ‡2rdamedia | |
| 338 | . | ‡avideodisc ‡bvd ‡2rdacarrier | |
| 340 | . | ‡b4 3/4 in. | |
| 340 | . | ‡gpolychrome ‡2rdacc | |
| 341 | 0 | . | ‡aauditory ‡bcaptions ‡2sapdv |
| 344 | . | ‡adigital ‡2rdatr | |
| 344 | . | ‡boptical ‡2rdarm | |
| 344 | . | ‡gsurround ‡2rdacpc | |
| 344 | . | ‡hDolby Digital 5.1 | |
| 344 | . | ‡isound ‡2rdasco | |
| 345 | . | ‡c1:78.1 | |
| 345 | . | ‡dwide screen ‡2rdaar | |
| 346 | . | ‡bNTSC ‡2rdabs | |
| 347 | . | ‡avideo file ‡2rdaft | |
| 347 | . | ‡bDVD video | |
| 347 | . | ‡3DVD ‡eregion 1 ‡2rdare | |
| 380 | . | ‡aTelevision programs ‡2lcgft | |
| 490 | 0 | . | ‡aCall the midwife ; ‡vSeason 13 |
| 538 | . | ‡aDVD; region 1, NTSC; anamorphic widescreen (16:9); Dolby Digital 5.1. | |
| 546 | . | ‡aEnglish soundtrack. | |
| 532 | 1 | . | ‡aEnglish subtitles for the deaf and hard of hearing (SDH). |
| 588 | 0 | . | ‡aTitle from disc surface. |
| 511 | 1 | . | ‡aJenny Agutter, Linda Bassett, Judy Parfitt, Helen George, Laura Main, Stephen McGann, Cliff Parisi, Annabelle Apsion, Georgie Glen, Megan Cusack, Rebecca Gethings, Zephryn Taitte, Daniel Laurie, Olly Rix, Renee Bailey, Natalie Quarry, Vanessa Redgrave. |
| 500 | . | ‡aInspired by the memoirs of Jennifer Worth. | |
| 500 | . | ‡aOriginally broadcast as single episodes of a television program in 2023-2024. | |
| 520 | . | ‡aThe midwives of Nonnatus House continue to face complex medical and personal dilemmas as the multi-award-winning drama returns for a thirteenth series. It's 1969 and more babies than ever are being born in hospital. Pressure on maternity beds remains extremely high across the country. However, Poplar is coping better than most due to the popularity of home births under the auspices of the sisters. And a new midwife-training scheme sees Nonnatus House welcome a host of new midwives. The recruits face social problems arising from the docks, concerns among the Nigerian and Sylheti communities and health challenges from Cerebral Palsy, Tetanus and TB. | |
| 500 | . | ‡aSpecial features: behind the scenes featurettes. | |
| 650 | 0. | ‡aMidwives ‡zEngland ‡zLondon ‡xHistory ‡y20th century ‡vDrama. | |
| 650 | 0. | ‡aMidwifery ‡zEngland ‡zLondon ‡vDrama. | |
| 650 | 0. | ‡aNuns ‡zEngland ‡zLondon ‡xHistory ‡y20th century ‡vDrama. | |
| 650 | 0. | ‡aPregnant women ‡zEngland ‡zLondon ‡xHistory ‡y20th century ‡vDrama. | |
| 650 | 0. | ‡aConvents ‡zEngland ‡zLondon ‡xHistory ‡y20th century ‡vDrama. | |
| 651 | 0. | ‡aEast End (London, England) ‡xHistory ‡y20th century ‡vDrama. | |
| 655 | 7. | ‡aHistorical television programs. ‡2lcgft ‡0(LARL_NWRL_CONSORTIUM)175692 | |
| 655 | 7. | ‡aFiction television programs. ‡2lcgft ‡0(LARL_NWRL_CONSORTIUM)175627 | |
| 655 | 7. | ‡aTelevision series. ‡2lcgft ‡0(LARL_NWRL_CONSORTIUM)175797 | |
| 655 | 7. | ‡aTelevision adaptations. ‡2lcgft ‡0(LARL_NWRL_CONSORTIUM)175702 | |
| 655 | 7. | ‡aVideo recordings for the hearing impaired. ‡2lcgft ‡0(LARL_NWRL_CONSORTIUM)175744 | |
| 700 | 1 | . | ‡aThomas, Heidi, ‡d1962- ‡ecreator, ‡escreenwriter. |
| 700 | 1 | . | ‡aTucker, David, ‡d1947 March 28- ‡etelevision director. |
| 700 | 1 | . | ‡aSouthwell, Jo, ‡etelevision director. |
| 700 | 1 | . | ‡aO'Neill, David ‡c(Director), ‡etelevision director. |
| 700 | 1 | . | ‡aMacartney, Syd, ‡d1954- ‡etelevision director. |
| 700 | 1 | . | ‡aMaidens, John, ‡etelevision director. |
| 700 | 1 | . | ‡aEvans, Avril ‡c(Director), ‡etelevision director. |
| 700 | 1 | . | ‡aEsdaille, Sarah, ‡etelevision director. |
| 700 | 1 | . | ‡aWilson, Nicola, ‡d1975- ‡escreenwriter. |
| 700 | 1 | . | ‡aWatson, Katerina, ‡escreenwriter. |
| 700 | 1 | . | ‡aMoss, Chloë, ‡escreenwriter. |
| 700 | 1 | . | ‡aHoldsworth, Lisa, ‡d1973- ‡escreenwriter. |
| 700 | 1 | . | ‡aEverett, Susan, ‡escreenwriter. |
| 700 | 1 | . | ‡aAbbott, Sally, ‡escreenwriter. |
| 700 | 1 | . | ‡aTricklebank, Ann, ‡etelevision producer. |
| 700 | 1 | . | ‡aAgutter, Jenny, ‡eactor. ‡0(LARL_NWRL_CONSORTIUM)69056 |
| 700 | 1 | . | ‡aBassett, Linda, ‡eactor. ‡0(LARL_NWRL_CONSORTIUM)218807 |
| 700 | 1 | . | ‡aParfitt, Judy, ‡d1935- ‡eactor. ‡0(LARL_NWRL_CONSORTIUM)97520 |
| 700 | 1 | . | ‡aGeorge, Helen, ‡d1984- ‡eactor. |
| 700 | 1 | . | ‡aMain, Laura, ‡d1981- ‡eactor. ‡1https://id.oclc.org/worldcat/entity/E39PBJf8r3QVvkCmc6Qfpwjgrq |
| 700 | 1 | . | ‡aMcGann, Stephen, ‡eactor. ‡0(LARL_NWRL_CONSORTIUM)210803 |
| 700 | 1 | . | ‡aParisi, Cliff, ‡d1960- ‡eactor. |
| 700 | 1 | . | ‡aApsion, Annabelle, ‡eactor. |
| 700 | 1 | . | ‡aGlen, Georgie, ‡eactor. |
| 700 | 1 | . | ‡aCusack, Megan, ‡eactor. |
| 700 | 1 | . | ‡aGethings, Rebecca, ‡d1976- ‡eactor. |
| 700 | 1 | . | ‡aTaitte, Zephryn, ‡eactor. |
| 700 | 1 | . | ‡aLaurie, Daniel ‡c(Actor), ‡eactor. |
| 700 | 1 | . | ‡aRix, Olly, ‡eactor. |
| 700 | 1 | . | ‡aBailey, Renee, ‡eactor. |
| 700 | 1 | . | ‡aQuarry, Natalie, ‡eactor. |
| 700 | 1 | . | ‡aRedgrave, Vanessa, ‡d1937- ‡enarrator. ‡1https://id.oclc.org/worldcat/entity/E39PBJhH3JPmMqjJW3MxyDMVmd ‡0(LARL_NWRL_CONSORTIUM)90103 |
| 700 | 1 | . | ‡iTelevision adaptation of (work): ‡aWorth, Jennifer, ‡d1935-2011. ‡tCall the midwife. |
| 710 | 2 | . | ‡aNeal Street Productions, ‡eproduction company. ‡0(LARL_NWRL_CONSORTIUM)198644 |
| 710 | 2 | . | ‡aBBC Studios, ‡epublisher. |
| 901 | . | ‡a437989 ‡bOCoLC ‡c437989 ‡tbiblio ‡soclc | |

Add to basket
Permalink
Disable Highlighting